[Event "2nd Orense it"]
[Site "Orense ESP"]
[Date "1973.01.14"]
[Round "6"]
[White "Cobo Arteaga, Eldis"]
[Black "Pomar Salamanca, Arturo"]
[Result "1/2-1/2"]
[WhiteElo "2420"]
[BlackElo "2460"]
[EventDate "1973.01.08"]
[PlyCount "22"]

1.d4 Nf6 2.Nf3 e6 3.g3 b6 4.Bg2 Bb7 5.O-O Be7 6.c4 O-O 7.Nc3 Ne4 8.Qc2 
Nxc3 9.Qxc3 d6 10.Qc2 f5 11.Ne1 Qc8 1/2-1/2

[Event "2nd Orense it"]
[Site "Orense ESP"]
[Date "1973.01.14"]
[Round "6"]
[White "Durao, Joaquim Manuel"]
[Black "Padevsky, Nikola"]
[Result "0-1"]
[WhiteElo "2295"]
[BlackElo "2430"]
[EventDate "1973.01.08"]
[PlyCount "82"]

1.d4 g6 2.e4 Bg7 3.Nc3 d6 4.Be3 Nf6 5.f3 c6 6.Qd2 b5 7.h4 Nbd7 8.Bh6 Bxh6 
9.Qxh6 Qa5 10.Ne2 Nb6 11.Nc1 Nc4 12.Nb3 Qb6 13.a4 Be6 14.axb5 cxb5 15.d5 
Bd7 16.Ra2 Rc8 17.Bd3 Nxb2 18.Rxb2 Rxc3 19.Kd2 Rc7 20.Qe3 Qxe3+ 21.Kxe3 a6
22.Ra1 Bc8 23.c4 bxc4 24.Rc2 e6 25.dxe6 Bxe6 26.Nd4 d5 27.Rxa6 Kd7 28.e5 
Nh5 29.Rd6+ Ke7 30.g4 Ng7 31.Be2 h5 32.Ra2 hxg4 33.Nc6+ Rxc6 34.Rxc6 Nf5+ 
35.Kf4 g3 36.Ra7+ Kf8 37.Kg5 Kg7 38.Bf1 Rh5+ 39.Kg4 Nd4+ 40.Rxe6 Nxe6 41.
Kxg3 Rxe5 0-1

[Event "2nd Orense it"]
[Site "Orense ESP"]
[Date "1973.01.14"]
[Round "6"]
[White "Gheorghiu, Florin"]
[Black "De Castro, Edgar"]
[Result "1-0"]
[WhiteElo "2520"]
[BlackElo "2320"]
[EventDate "1973.01.08"]
[Annotator "Stockfish16"]
[PlyCount "43"]

1.e4 c5 2.Nf3 d6 3.d4 cxd4 4.Nxd4 Nf6 5.Nc3 a6 6.Bc4 e6 7.Bb3 b5 8.O-O Bb7
{'Risky. Black delays castling and quickly experiences difficulties on the
e-File. Much better was 6...Be7'} ( 8...Be7 9.Qf3 Qc7 10.Qg3 O-O 11.Bh6 
Ne8 {Black's defenses are adequate.} ) 9.Re1 Nbd7 10.Bg5 Nc5 {'This is a 
tactical error that allows white ti immediatley gain the advantage. 
Forcing white to make a decision with his B with 10...h6 was a reasonable 
try.'} 11.Bd5 {'Black is already in trouble.'} 11...b4 {'[%mdl 8192]'} ( 
11...exd5 12.exd5+ Kd7 13.b4 Na4 14.Nxa4 bxa4 15.c4 {and white is winning.
} ) ( 11...Be7 {keeps the damage to a minimum.} 12.Bxb7 Nxb7 13.Nc6 Qc7 
14.Nxe7 Kxe7 {White is better, but there is no forced win.} ) 12.Bxb7 {
'Already white's position can be declared as won.'} 12...Nxb7 {'There was 
no better alternative.'} ( 12...bxc3 13.Nc6 Qc7 14.Bxa8 cxb2 15.Rb1 {is 
equally hopeless for black.} ) 13.Nd5 {'[%mdl 512]'} 13...exd5 ( 13...Rc8 
14.Qf3 Be7 15.Nxe7 Qxe7 16.Nf5 exf5 17.exf5 {and wins.} ) 14.exd5+ Kd7 15.
c3 {'White needs to open more lines.'} 15...b3 ( 15...bxc3 16.Qa4+ Kc8 17.
Qc6+ Kb8 18.Bxf6 gxf6 19.Re8 ) 16.Qxb3 Nc5 17.Qc4 Rc8 {'It's kind of hard 
to believe but up to here these moves were all played the previous year!'}
( 17...Qc8 18.Nc6 h6 19.Bxf6 gxf6 20.Re3 Kc7 21.b4 Rg8 {Black resigned 
Tal,M (2625)-Mukhin,M (2420) Baku 1972} ) 18.b4 Nce4 19.Qxa6 Nxc3 20.Rac1 
Rc7 21.Qd3 {'It's a moot point but there was a mate in 16 with 21.Rxc3'} (
21.Rxc3 Rxc3 22.Qa4+ Kc8 23.Nc6 Qb6 24.Qa8+ Kc7 25.Qd8+ Kb7 26.Qb8+ Ka6 
27.b5+ Kxb5 28.Rb1+ Kc4 29.Qxb6 Kxd5 30.Qb5+ Rc5 31.Rd1+ Ke6 32.Nd4+ Ke7 
33.Re1+ Kd8 34.Re8+ Kc7 35.Qb8+ Kd7 36.Qd8# ) 21...Qc8 22.Nb5 ( 22.Nb5 
Ne2+ 23.Qxe2 Rxc1 24.Rxc1 Qxc1+ 25.Bxc1 {etc.} ) 1-0

[Event "2nd Orense it"]
[Site "Orense ESP"]
[Date "1973.01.14"]
[Round "6"]
[White "Mednis, Edmar John"]
[Black "Medina Garcia, Antonio"]
[Result "1/2-1/2"]
[WhiteElo "2450"]
[BlackElo "2380"]
[EventDate "1973.01.08"]
[PlyCount "99"]

1.e4 e5 2.Nf3 Nc6 3.Bb5 a6 4.Ba4 Nf6 5.O-O Be7 6.Bxc6 dxc6 7.d3 Nd7 8.Nbd2
O-O 9.Nc4 f6 10.b3 Nc5 11.Ne3 Re8 12.Nh4 Bf8 13.Bb2 Ne6 14.g3 g6 15.Nhg2 
Bg7 16.Kh1 Qe7 17.f3 Bd7 18.Qd2 Rad8 19.Rae1 Rf8 20.Qc1 Rde8 21.Qa1 c5 22.
Nd5 Qd8 23.f4 Nd4 24.Nde3 f5 25.exf5 exf4 26.Rxf4 Bc6 27.Rf2 Qg5 28.Nf1 
Rxf5 29.Rxe8+ Bxe8 30.Rxf5 Qxf5 31.Bxd4 Bxd4 32.Qe1 Bc6 33.Qe2 g5 34.Nd2 
g4 35.Ne4 Bxe4 36.dxe4 Qg5 37.Nf4 b5 38.Kg2 h5 39.h3 Kf7 40.hxg4 hxg4 41.
Nd3 Ke8 42.Nf4 c6 43.Nd3 Qg6 44.Nf2 Bxf2 45.Kxf2 Qh5 46.Kg1 Qg5 47.Kg2 c4 
48.bxc4 b4 49.Qf2 Qc1 50.e5 1/2-1/2

[Event "2nd Orense it"]
[Site "Orense ESP"]
[Date "1973.01.14"]
[Round "6"]
[White "Parma, Bruno"]
[Black "Janosevic, Dragoljub"]
[Result "1-0"]
[WhiteElo "2510"]
[BlackElo "2430"]
[EventDate "1973.01.08"]
[PlyCount "53"]

1.e4 c5 2.Nf3 Nc6 3.d4 cxd4 4.Nxd4 Qc7 5.Be2 e6 6.Nc3 a6 7.O-O Nf6 8.Kh1 
d6 9.f4 Bd7 10.a4 Be7 11.Be3 O-O 12.Nb3 Nb4 13.a5 Rac8 14.Bb6 Qb8 15.Bf3 
Bc6 16.Qe2 d5 17.e5 Nd7 18.Bd4 Rfe8 19.f5 exf5 20.e6 Nf6 21.Bh5 Nxh5 22.
exf7+ Kxf7 23.Qxh5+ Kg8 24.Rxf5 Rf8 25.Raf1 Rxf5 26.Qxf5 Bf8 27.Be5 1-0

[Event "2nd Orense it"]
[Site "Orense ESP"]
[Date "1973.01.15"]
[Round "7"]
[White "Ciocaltea, Victor"]
[Black "Mednis, Edmar John"]
[Result "1-0"]
[WhiteElo "2470"]
[BlackElo "2450"]
[EventDate "1973.01.08"]
[PlyCount "151"]

1.e4 d6 2.d4 Nf6 3.Nc3 g6 4.f3 c6 5.Be3 Nbd7 6.Qd2 b5 7.Nh3 Nb6 8.Nf2 Bb7 
9.a4 bxa4 10.Nxa4 Bg7 11.Be2 O-O 12.O-O Nfd7 13.Bh6 Bxh6 14.Qxh6 e5 15.
dxe5 dxe5 16.Qe3 Qe7 17.b3 Rfc8 18.Nb2 Qb4 19.Ra2 a5 20.Rfa1 c5 21.c4 Bc6 
22.Qc1 a4 23.Nfd3 Qa5 24.bxa4 f6 25.Qe3 Rab8 26.Bf1 Na8 27.Qe1 Qxe1 28.
Nxe1 Nc7 29.Nd1 Na6 30.Nc3 Nf8 31.Nb5 Ne6 32.Nc2 Nd4 33.Ne3 Rd8 34.Nd5 Kf7
35.Rf2 Ne6 36.g3 Kg7 37.f4 Nd4 38.Bh3 exf4 39.gxf4 Re8 40.Bg2 Rbd8 41.Nxd4
cxd4 42.Nxf6 Rf8 43.Nd5 Nc5 44.a5 Ra8 45.Ra3 Ra7 46.f5 gxf5 47.exf5 Kh8 
48.f6 d3 49.h3 Rb8 50.Kh2 Rf8 51.Nb4 Bxg2 52.Rxg2 Rxf6 53.Nxd3 Nxd3 54.
Rxd3 h6 55.c5 Rxa5 56.Rd8+ Kh7 57.Rd7+ Kh8 58.Rd8+ Kh7 59.Rd7+ Kh8 60.Rb2 
Ra8 61.Rb6 Rf3 62.Rxh6+ Kg8 63.Rg6+ Kh8 64.Rd4 Ra2+ 65.Rg2 Rxg2+ 66.Kxg2 
Rc3 67.Rd5 Kg7 68.h4 Kf6 69.h5 Ke6 70.Rg5 Kf6 71.Rg6+ Kf5 72.c6 Rc2+ 73.
Kf3 Rc3+ 74.Ke2 Ra3 75.Rg7 Kf6 76.h6 1-0

[Event "2nd Orense it"]
[Site "Orense ESP"]
[Date "1973.01.15"]
[Round "7"]
[White "De Castro, Edgar"]
[Black "Parma, Bruno"]
[Result "1/2-1/2"]
[WhiteElo "2320"]
[BlackElo "2510"]
[EventDate "1973.01.08"]
[PlyCount "34"]

1.d4 Nf6 2.c4 c5 3.e3 g6 4.Nc3 Bg7 5.Nf3 O-O 6.Be2 cxd4 7.Nxd4 Nc6 8.O-O 
d6 9.b3 Bd7 10.Bb2 a6 11.Bf3 Rb8 12.Nxc6 Bxc6 13.Bxc6 bxc6 14.Qf3 Qd7 15.
h3 Rfc8 16.Rad1 Qe6 17.Na4 c5 1/2-1/2

[Event "2nd Orense it"]
[Site "Orense ESP"]
[Date "1973.01.15"]
[Round "7"]
[White "Janosevic, Dragoljub"]
[Black "Durao, Joaquim Manuel"]
[Result "1-0"]
[WhiteElo "2430"]
[BlackElo "2295"]
[EventDate "1973.01.08"]
[PlyCount "85"]

1.e4 c5 2.Nf3 d6 3.d4 cxd4 4.Nxd4 Nf6 5.Nc3 e6 6.Be2 a6 7.a4 Qc7 8.O-O Nc6
9.Nb3 Be7 10.a5 Nd7 11.Be3 Nc5 12.f4 O-O 13.Bf3 Bd7 14.Rf2 Rac8 15.Rd2 
Rfd8 16.Kh1 Be8 17.Qg1 Nb4 18.Rad1 Rd7 19.Qf2 Nxb3 20.cxb3 Bd8 21.Bb6 Qc6 
22.Na4 d5 23.exd5 exd5 24.Bxd8 Rcxd8 25.Nb6 Rd6 26.h3 Qb5 27.Nc4 Rc6 28.
Qe3 Re6 29.Qc3 Bc6 30.Ne5 Rde8 31.Bh5 g6 32.Be2 Qxa5 33.Ng4 d4 34.Qxd4 
Bxg2+ 35.Kh2 Nd5 36.Bc4 Bf3 37.Nh6+ Kf8 38.Bxd5 Bxd1 39.Bxe6 Rxe6 40.Qh8+ 
Ke7 41.Ng8+ Kf8 42.Nf6+ Ke7 43.Rd7# 1-0

[Event "2nd Orense it"]
[Site "Orense ESP"]
[Date "1973.01.15"]
[Round "7"]
[White "Medina Garcia, Antonio"]
[Black "Cobo Arteaga, Eldis"]
[Result "1/2-1/2"]
[WhiteElo "2380"]
[BlackElo "2420"]
[EventDate "1973.01.08"]
[PlyCount "36"]

1.e4 c5 2.Nf3 Nc6 3.d4 cxd4 4.Nxd4 Nf6 5.Nc3 e5 6.Ndb5 h6 7.Bc4 a6 8.Nd6+ 
Bxd6 9.Qxd6 Qe7 10.Qxe7+ Kxe7 11.Be3 d6 12.O-O-O Be6 13.Nd5+ Bxd5 14.exd5 
Nb8 15.f3 Rc8 16.Be2 a5 17.Kb1 Na6 18.Rd2 Nd7 1/2-1/2

[Event "2nd Orense it"]
[Site "Orense ESP"]
[Date "1973.07.15"]
[Round "7"]
[White "Padevsky, Nikola"]
[Black "Benko, Pal"]
[Result "1/2-1/2"]
[WhiteElo "2430"]
[BlackElo "2515"]
[EventDate "1973.01.08"]
[PlyCount "32"]

1.e4 c5 2.Nf3 e6 3.c3 d5 4.e5 Nc6 5.d4 Qb6 6.a3 c4 7.Nbd2 Na5 8.Be2 Bd7 9.
Ng5 h6 10.Nh3 O-O-O 11.Nf4 g5 12.Nh5 Be7 13.O-O f6 14.exf6 Nxf6 15.Nxf6 
Bxf6 16.Bh5 Rhf8 1/2-1/2

[Event "2nd Orense it"]
[Site "Orense ESP"]
[Date "1973.01.15"]
[Round "7"]
[White "Pomar Salamanca, Arturo"]
[Black "Gheorghiu, Florin"]
[Result "1/2-1/2"]
[WhiteElo "2460"]
[BlackElo "2520"]
[EventDate "1973.01.08"]
[PlyCount "26"]

1.Nf3 c5 2.c4 g6 3.Nc3 Bg7 4.g3 Nc6 5.Bg2 e6 6.e3 Nge7 7.O-O O-O 8.d4 cxd4
9.exd4 d5 10.cxd5 Nxd5 11.Bg5 Qb6 12.Na4 Qb4 13.a3 Qd6 1/2-1/2

[Event "2nd Orense it"]
[Site "Orense ESP"]
[Date "1973.01.16"]
[Round "8"]
[White "Benko, Pal"]
[Black "Mednis, Edmar John"]
[Result "1/2-1/2"]
[WhiteElo "2515"]
[BlackElo "2450"]
[EventDate "1973.01.08"]
[PlyCount "115"]

1.Nf3 d6 2.d4 Nf6 3.Nc3 g6 4.e4 Bg7 5.Be2 O-O 6.O-O Nc6 7.Be3 Re8 8.Qd2 e5
9.dxe5 Nxe5 10.Bg5 Be6 11.Nd4 Qc8 12.Qf4 Nfd7 13.Rad1 Nb6 14.Bh6 Bh8 15.
Qg3 Bc4 16.h3 Bxe2 17.Ndxe2 Ned7 18.Rfe1 Nf6 19.Nf4 Re5 20.Nd3 Re6 21.Qh4 
Nh5 22.Nd5 Nxd5 23.exd5 Rxe1+ 24.Rxe1 Nf6 25.Qc4 Qd7 26.Bg5 Re8 27.Rxe8+ 
Nxe8 28.Qe4 a6 29.Kf1 Bg7 30.c4 h6 31.Qe7 Qxe7 32.Bxe7 Bf6 33.Bxf6 Nxf6 
34.Ke2 Kf8 35.Ke3 Ke7 36.Kd4 Nd7 37.b4 b6 38.f4 Nf6 39.c5 Nd7 40.c6 Nf6 
41.g4 Ne8 42.a4 Kd8 43.a5 b5 44.Nf2 Nf6 45.Nd1 Kc8 46.Ne3 Kd8 47.Nd1 Kc8 
48.Nc3 h5 49.g5 Ne8 50.f5 Ng7 51.fxg6 fxg6 52.Ne2 Nf5+ 53.Ke4 Ne7 54.Nf4 
Kd8 55.Kd4 Kc8 56.Kd3 Kd8 57.Ke4 Kc8 58.Kf3 1/2-1/2

[Event "2nd Orense it"]
[Site "Orense ESP"]
[Date "1973.01.16"]
[Round "8"]
[White "Cobo Arteaga, Eldis"]
[Black "Ciocaltea, Victor"]
[Result "1/2-1/2"]
[WhiteElo "2420"]
[BlackElo "2470"]
[EventDate "1973.01.08"]
[PlyCount "33"]

1.d4 Nf6 2.Nf3 d6 3.c4 Bg4 4.e3 c6 5.Nc3 Nbd7 6.Be2 e5 7.dxe5 dxe5 8.O-O 
Be7 9.Qc2 O-O 10.b3 Qc7 11.h3 Bxf3 12.Bxf3 Rfd8 13.Bb2 Nc5 14.Rad1 a5 15.
Ba3 g6 16.Bxc5 Bxc5 17.Rxd8+ 1/2-1/2

[Event "2nd Orense it"]
[Site "Orense ESP"]
[Date "1973.01.16"]
[Round "8"]
[White "Durao, Joaquim Manuel"]
[Black "De Castro, Edgar"]
[Result "1-0"]
[WhiteElo "2295"]
[BlackElo "2320"]
[EventDate "1973.01.08"]
[PlyCount "47"]

1.e4 c5 2.Nf3 a6 3.c4 e6 4.Nc3 Nc6 5.g3 g6 6.d4 Bg7 7.Be3 Qb6 8.Na4 Qa5+ 
9.Bd2 Qc7 10.dxc5 Nf6 11.Bc3 O-O 12.Qd3 a5 13.a3 Nb4 14.axb4 axb4 15.Be5 
Qc6 16.Nd4 Qxe4+ 17.Qxe4 Nxe4 18.Bxg7 Kxg7 19.Nb3 d6 20.Bg2 Nxc5 21.Nbxc5 
dxc5 22.O-O Ra5 23.Nb6 Rxa1 24.Rxa1 1-0

[Event "2nd Orense it"]
[Site "Orense ESP"]
[Date "1973.01.16"]
[Round "8"]
[White "Gheorghiu, Florin"]
[Black "Medina Garcia, Antonio"]
[Result "1-0"]
[WhiteElo "2520"]
[BlackElo "2380"]
[EventDate "1973.01.08"]
[PlyCount "55"]

1.c4 e6 2.g3 d5 3.Bg2 Nf6 4.Nf3 Be7 5.O-O O-O 6.d4 Nbd7 7.Qc2 b6 8.cxd5 
Nxd5 9.e4 Nb4 10.Qb3 c5 11.Rd1 Ba6 12.Na3 Be2 13.Rd2 Bxf3 14.Bxf3 Nc6 15.
Nc2 Rc8 16.d5 Na5 17.Qa4 Ne5 18.Be2 c4 19.dxe6 Qc7 20.Nd4 Bc5 21.b4 cxb3 
22.axb3 fxe6 23.Ba3 b5 24.Nxb5 Bxf2+ 25.Kg2 Qc6 26.Bxf8 Rxf8 27.Nd6 Qc3 
28.Qxa5 1-0

[Event "2nd Orense it"]
[Site "Orense ESP"]
[Date "1973.01.16"]
[Round "8"]
[White "Padevsky, Nikola"]
[Black "Janosevic, Dragoljub"]
[Result "1-0"]
[WhiteElo "2430"]
[BlackElo "2430"]
[EventDate "1973.01.08"]
[PlyCount "113"]

1.Nf3 Nf6 2.g3 d5 3.c4 e6 4.Bg2 Be7 5.O-O O-O 6.d4 c6 7.Qc2 Nbd7 8.b3 b6 
9.Bb2 Bb7 10.Nc3 Rc8 11.e4 dxe4 12.Nxe4 c5 13.Nxf6+ Bxf6 14.Ng5 Bxg5 15.
Bxb7 Rc7 16.Be4 g6 17.d5 exd5 18.cxd5 Bf6 19.d6 Rc8 20.Rad1 c4 21.bxc4 b5 
22.Bxf6 Qxf6 23.Rfe1 bxc4 24.Bg2 Rfd8 25.Re3 Ne5 26.Qc3 Ng4 27.Qxf6 Nxf6 
28.Rc3 Rc5 29.Rd4 Ra5 30.Rcxc4 Ra6 31.Ra4 Raxd6 32.Rxd6 Rxd6 33.Rxa7 Rd1+ 
34.Bf1 Ne4 35.Kg2 Rd2 36.Bc4 Rxf2+ 37.Kg1 Rf6 38.a4 Nd2 39.Bd5 Rf5 40.Ba2 
Nf3+ 41.Kg2 Ne1+ 42.Kh3 Nf3 43.a5 Ng5+ 44.Kg2 Rc5 45.Bb3 Rb5 46.Bc4 Rc5 
47.Bd3 Rd5 48.Be2 Rd2 49.Kf2 Ra2 50.a6 Ne6 51.Ke3 Ra3+ 52.Ke4 Ra4+ 53.Kd5 
Ra2 54.Bc4 Ra1 55.Kd6 Rd1+ 56.Bd5 Kg7 57.Rd7 1-0

[Event "2nd Orense it"]
[Site "Orense ESP"]
[Date "1973.01.16"]
[Round "8"]
[White "Parma, Bruno"]
[Black "Pomar Salamanca, Arturo"]
[Result "1/2-1/2"]
[WhiteElo "2510"]
[BlackElo "2460"]
[EventDate "1973.01.08"]
[PlyCount "61"]

1.e4 c6 2.Nc3 d5 3.d4 dxe4 4.Nxe4 Bf5 5.Ng3 Bg6 6.h4 h6 7.Nf3 Nd7 8.Bd3 
Bxd3 9.Qxd3 Qc7 10.Bd2 e6 11.O-O-O Ngf6 12.Kb1 Bd6 13.Ne4 Nxe4 14.Qxe4 
O-O-O 15.c4 c5 16.Bc3 Rhe8 17.Rhe1 f5 18.Qc2 Nf6 19.dxc5 Bxc5 20.Rxd8+ 
Qxd8 21.Rd1 Qb6 22.Qd2 Rd8 23.Qxd8+ Qxd8 24.Rxd8+ Kxd8 25.Bd4 Bxd4 26.Nxd4
Kd7 27.f3 g6 28.Kc2 e5 29.Ne2 g5 30.hxg5 hxg5 31.Kd3 1/2-1/2

[Event "2nd Orense it"]
[Site "Orense ESP"]
[Date "1973.01.17"]
[Round "9"]
[White "Ciocaltea, Victor"]
[Black "Gheorghiu, Florin"]
[Result "1/2-1/2"]
[WhiteElo "2470"]
[BlackElo "2520"]
[EventDate "1973.01.08"]
[PlyCount "55"]

1.e4 c5 2.Nf3 d6 3.d4 cxd4 4.Qxd4 Nc6 5.Bb5 Bd7 6.Bxc6 Bxc6 7.Nc3 Nf6 8.
Bg5 e6 9.O-O-O Be7 10.Rhe1 h6 11.Bh4 O-O 12.g4 Nxg4 13.Bxe7 Qxe7 14.Rg1 f5
15.Qxd6 Qxd6 16.Rxd6 Nxf2 17.Ne5 Nxe4 18.Nxe4 Bxe4 19.Rd7 g5 20.h4 Rad8 ( 
20...Rac8 21.c3 ( 21.Rd2 Kg7 22.hxg5 hxg5 23.Nd7 Rfd8 ) 21...Rc5 22.Ng6 
Rf7 23.Rd8+ Kg7 24.Nf4 Kf6 25.hxg5+ hxg5 26.Rxg5 ) 21.hxg5 h5 22.Rgd1 Rxd7
23.Nxd7 Rf7 24.Nf6+ Kg7 25.Nxh5+ Kg6 26.Nf4+ Kxg5 27.Nxe6+ Kf6 28.Nc5 
1/2-1/2

[Event "2nd Orense it"]
[Site "Orense ESP"]
[Date "1973.01.17"]
[Round "9"]
[White "De Castro, Edgar"]
[Black "Padevsky, Nikola"]
[Result "0-1"]
[WhiteElo "2320"]
[BlackElo "2430"]
[EventDate "1973.01.08"]
[PlyCount "118"]

1.c4 f5 2.d4 Nf6 3.Bg5 e6 4.Nc3 Bb4 5.Qb3 a5 6.a3 Bxc3+ 7.Qxc3 h6 8.Bxf6 
Qxf6 9.g3 Nc6 10.e3 d6 11.Bg2 O-O 12.Ne2 e5 13.O-O a4 14.f4 exd4 15.exd4 
Bd7 16.Rae1 Rfe8 17.Qd3 Re7 18.d5 Na5 19.Nd4 Rae8 20.Rxe7 Rxe7 21.Rd1 Kf8 
22.Bh3 g6 23.Qc3 b6 24.c5 bxc5 25.Ne6+ Rxe6 26.dxe6 Qxc3 27.bxc3 Bxe6 28.
Bf1 c4 29.Rb1 Nb3 30.Bg2 d5 31.Rd1 c6 32.Kf2 Ke7 33.Ke3 Kd6 34.Bf1 Kc5 35.
h4 h5 36.Be2 Bc8 37.Bf3 Kd6 38.Be2 Ba6 39.Bf3 Nc5 40.Rb1 Bb5 41.Rd1 Ne6 
42.Rb1 Nc7 43.Bd1 c5 44.Bf3 Bc6 45.Kd2 Nb5 46.Rxb5 Bxb5 47.Ke3 d4+ 48.cxd4
c3 49.Bd1 Kd5 50.dxc5 Kxc5 51.Bc2 Bc6 52.Kd3 Be4+ 53.Kxc3 Bxc2 54.Kxc2 Kc4
55.Kb2 Kd3 56.Kc1 Ke3 57.Kc2 Kf3 58.Kc3 Kxg3 59.Kb4 Kxh4 0-1

[Event "2nd Orense it"]
[Site "Orense ESP"]
[Date "1973.01.17"]
[Round "9"]
[White "Janosevic, Dragoljub"]
[Black "Benko, Pal"]
[Result "0-1"]
[WhiteElo "2430"]
[BlackElo "2515"]
[EventDate "1973.01.08"]
[PlyCount "72"]

1.e4 c5 2.Nf3 d6 3.d4 cxd4 4.Nxd4 Nf6 5.Nc3 a6 6.f4 e6 7.Bd3 Qc7 8.Nf3 Be7
9.O-O Nbd7 10.Qe1 Nc5 11.e5 Nfd7 12.Qg3 g6 13.f5 Nxe5 14.Nxe5 dxe5 15.fxg6
f5 16.gxh7 Bf8 17.Bg5 Qg7 18.Rad1 Be7 19.h4 Rxh7 20.b4 Nxd3 21.Rxd3 Bd7 
22.Bxe7 Qxg3 23.Rxg3 Kxe7 24.Rg5 Rc8 25.Rf3 e4 26.Rh3 Kf6 27.a3 Rxh4 28.
Rxh4 Kxg5 29.Rh3 Rc4 30.Rh7 Bc6 31.Ne2 e5 32.c3 f4 33.Kf2 f3 34.Ng3 Rxc3 
35.Rg7+ Kf6 36.Nh5+ Ke6 0-1

[Event "2nd Orense it"]
[Site "Orense ESP"]
[Date "1973.01.17"]
[Round "9"]
[White "Medina Garcia, Antonio"]
[Black "Parma, Bruno"]
[Result "1/2-1/2"]
[WhiteElo "2380"]
[BlackElo "2510"]
[EventDate "1973.01.08"]
[PlyCount "72"]

1.e4 d6 2.Nc3 g6 3.g3 Bg7 4.Bg2 e5 5.d3 Nc6 6.Be3 Nge7 7.Qd2 Nd4 8.Nce2 
Nxe2 9.Nxe2 O-O 10.O-O-O f5 11.h4 fxe4 12.dxe4 Bg4 13.Rdf1 Qe8 14.h5 gxh5 
15.Rh2 Qf7 16.Nc3 Ng6 17.f3 Be6 18.Rxh5 Nf4 19.Rh4 Nxg2 20.Qxg2 d5 21.exd5
Bxd5 22.Nxd5 Qxd5 23.Kb1 e4 24.Rxe4 Rae8 25.Rxe8 Rxe8 26.Bc1 Qc4 27.Qh3 
Qf7 28.Rh1 Qg6 29.Rd1 h5 30.Qd7 Qf7 31.Qxf7+ Kxf7 32.Rd7+ Kg6 33.c3 Be5 
34.f4 Bd6 35.c4 b6 36.b4 Re4 1/2-1/2

[Event "2nd Orense it"]
[Site "Orense ESP"]
[Date "1973.01.17"]
[Round "9"]
[White "Mednis, Edmar John"]
[Black "Cobo Arteaga, Eldis"]
[Result "1/2-1/2"]
[WhiteElo "2450"]
[BlackElo "2420"]
[EventDate "1973.01.08"]
[PlyCount "82"]

1.e4 c5 2.Nf3 d6 3.d4 cxd4 4.Nxd4 Nf6 5.Nc3 Nc6 6.Bg5 Bd7 7.Be2 e6 8.Bxf6 
gxf6 9.O-O Be7 10.Kh1 Nxd4 11.Qxd4 Qb6 12.Qxb6 axb6 13.f4 h5 14.Rad1 Rc8 
15.Rd4 Rc5 16.Rb4 Bd8 17.Bd3 Ke7 18.a3 h4 19.Na4 Bxa4 20.Rxa4 Ra5 21.Rd4 
Bc7 22.Rf3 Rhh5 23.Be2 Rac5 24.c3 Rh8 25.b4 Rch5 26.Rd1 Ra8 27.c4 Rhh8 28.
Rh3 d5 29.exd5 Bxf4 30.Rhd3 exd5 31.Rxd5 Rhd8 32.Rxd8 Rxd8 33.Rxd8 Kxd8 
34.Bf3 Kc7 35.Bd5 Bc1 36.a4 Bd2 37.b5 Bf4 38.Bxf7 Kd6 39.Bd5 Kc5 40.Bxb7 
Kxc4 41.Kg1 Kb4 1/2-1/2

[Event "2nd Orense it"]
[Site "Orense ESP"]
[Date "1973.01.17"]
[Round "9"]
[White "Pomar Salamanca, Arturo"]
[Black "Durao, Joaquim Manuel"]
[Result "1-0"]
[WhiteElo "2460"]
[BlackElo "2295"]
[EventDate "1973.01.08"]
[Annotator "Toran,Roman"]
[PlyCount "31"]

1.d4 Nf6 2.Nf3 g6 3.g3 Bg7 4.Bg2 O-O 5.O-O d6 {Siguiendo los cauces 
cl�sicos de la defensa india de rey} ( {Interesante es igualmente} 5...d5 
{entrando en una posici�n sim�trica, tipo indo-Grunfeld, que se considera 
muy segura para las negras.} ) 6.b3 {Ultimamente, Pomar ha jugado con fre 
cuencia este plan, para desarrollar su AD por "fianchetto", en lugar de la
continuaci�n m�s conocida 6.c4} 6...e5 {Reacci�n central, t�pica en este 
esquema} ( {tambi�n es digna de consideraci�n la posibilidad} 6...c5 ) 7.
dxe5 Ng4 $6 {Esto ya es un error} ( {lo indicado es} 7...Nfd7 8.Bg5 {las 
negras podr�an mantener la tensi�n, mediante} ( 8.Bb2 dxe5 ) 8...Qe8 9.Nc3
dxe5 10.Nd5 Na6 ) 8.Bg5 {Pomar especula con la mala situaci�n del caballo'
en "g4" y da un brusco cambio a su plan, llevando el alfil a una posici�n 
m�s agresiva} 8...Qe8 $6 9.Nc3 Nxe5 $2 ( 9...dxe5 10.Nd5 {con las ame 
nazas Cxc7 y h3, dejar�a a las negras con graves problemas. A partir de 
este momento, el ataque de Pomar ser� fort�simo.} ) 10.Nd5 $1 Nxf3+ $2 ( {
No serv�a} 10...Na6 {a causa de} 11.Nf6+ Bxf6 12.Bxf6 {con �ptimas 
posibilidades de ataque sobre el enroque negro} ) 11.exf3 $1 f6 {Tratando 
de conservar el AR} ( {Despu�s de} 11...Bxa1 12.Qxa1 Qe5 {las blancas 
obtendr�an un ataque decisivo, con} 13.Ne7+ Kg7 14.Qc1 {con las amenazas 
Ah6, Te1 y f4} ) ( {mientras que si} 11...Na6 12.Bf6 $1 {seguido, 
eventualmente de Dd4, decidir�a r�pidamente.} ) 12.Nxc7 Qd8 13.Qd5+ Rf7 ( 
13...Kh8 14.Nxa8 fxg5 15.Rad1 Rf6 16.Rfe1 {con abrumadora ventaja} ) 14.
Rae1 $1 Qxc7 15.Re8+ Bf8 16.Bh6 {Y las negras abandonaron, puesto que, si 
16. ..Cd7 -ante TxA mate-, segui r�a: 17.Tfe1 Dc6 18.f4! Dxc6 19.Axd5, y 
las negras quedar�an indefensas ante la amenaza 20. T1e7, que forzar�a la 
ganancia de material. ( Notas de Rom�n Toran en la revista "Ajedrez 
Canario" n 19, Febrero 1973 )} 1-0

[Event "2nd Orense it"]
[Site "Orense ESP"]
[Date "1973.01.18"]
[Round "10"]
[White "Benko, Pal"]
[Black "Cobo Arteaga, Eldis"]
[Result "1-0"]
[WhiteElo "2515"]
[BlackElo "2420"]
[EventDate "1973.01.08"]
[PlyCount "61"]

1.b4 Nf6 2.Bb2 g6 3.Nf3 Bg7 4.c4 O-O 5.d3 d6 6.Nbd2 e5 7.e3 Qe7 8.Be2 Nbd7
9.O-O Ne8 10.Qc2 f5 11.c5 Ndf6 12.Rfc1 h6 13.b5 b6 14.cxd6 cxd6 15.a4 Be6 
16.a5 Rc8 17.Qa4 Rxc1+ 18.Rxc1 Nd7 19.Qb4 bxa5 20.Qxa5 Nb6 21.Nc4 Nxc4 22.
dxc4 Rf7 23.c5 e4 24.cxd6 Nxd6 25.Ne5 Bxe5 26.Bxe5 Kh7 27.g3 Nc8 28.Bd4 
Qb7 29.Qd8 Rg7 30.Bxg7 Qxg7 31.Rc7 1-0

[Event "2nd Orense it"]
[Site "Orense ESP"]
[Date "1973.01.18"]
[Round "10"]
[White "Durao, Joaquim Manuel"]
[Black "Medina Garcia, Antonio"]
[Result "1/2-1/2"]
[WhiteElo "2295"]
[BlackElo "2380"]
[EventDate "1973.01.08"]
[PlyCount "83"]

1.d4 Nf6 2.c4 e6 3.Nc3 d5 4.Nf3 Bb4 5.Bg5 h6 6.Bh4 dxc4 7.Qa4+ Nc6 8.a3 
Bxc3+ 9.bxc3 Qd5 10.Bxf6 gxf6 11.Nd2 b5 12.Qc2 Bb7 13.a4 a6 14.e4 Qd7 15.
Qb2 O-O 16.Be2 e5 17.d5 Ne7 18.O-O c6 19.dxc6 Bxc6 20.Rad1 Qa7 21.Bg4 Rfd8
22.Rde1 Rd3 23.Kh1 Rad8 24.Nb1 Ng6 25.Qc1 Kg7 26.Be2 Bxe4 27.f3 Bf5 28.
Bxd3 Bxd3 29.Rg1 f5 30.Nd2 Qf2 31.axb5 axb5 32.Qb2 Qc5 33.Nf1 f4 34.Ra1 f5
35.Ra5 Rb8 36.Nd2 e4 37.fxe4 fxe4 38.Rga1 Rb7 39.Qa2 e3 40.Nf3 Be4 41.Nd4 
Kf7 42.Ra6 1/2-1/2

[Event "2nd Orense it"]
[Site "Orense ESP"]
[Date "1973.01.19"]
[Round "10"]
[White "Gheorghiu, Florin"]
[Black "Mednis, Edmar John"]
[Result "1/2-1/2"]
[WhiteElo "2520"]
[BlackElo "2450"]
[EventDate "1973.01.08"]
[PlyCount "32"]

1.d4 d5 2.c4 c6 3.Nf3 Nf6 4.e3 g6 5.Nc3 Bg7 6.Be2 O-O 7.O-O Nbd7 8.cxd5 
cxd5 9.a4 a6 10.b3 Re8 11.Bb2 Nf8 12.Ne5 Be6 13.Nd3 Bh6 14.Nc5 Bc8 15.a5 
N8d7 16.Nd3 e6 1/2-1/2

[Event "2nd Orense it"]
[Site "Orense ESP"]
[Date "1973.01.18"]
[Round "10"]
[White "Janosevic, Dragoljub"]
[Black "De Castro, Edgar"]
[Result "1-0"]
[WhiteElo "2430"]
[BlackElo "2320"]
[EventDate "1973.01.08"]
[PlyCount "47"]

1.e4 c5 2.Nf3 d6 3.d4 cxd4 4.Nxd4 Nf6 5.Nc3 a6 6.f4 Qc7 7.Bd3 Nc6 8.Nf3 e6
9.O-O Be7 10.Qe1 O-O 11.Kh1 Nd7 12.f5 Nc5 13.Qg3 Nxd3 14.Bh6 g6 15.cxd3 
Bd7 16.Ng5 Bf6 17.Qh3 Bxg5 18.Bxg5 h5 19.Bh6 Ne5 20.Bxf8 Rxf8 21.fxg6 fxg6
22.Rxf8+ Kxf8 23.d4 Ng4 24.Qf3+ 1-0